Wences Rambla (Record no. 13623)

MARC details
000 - LÍDER
campo de control de longitud fija 01186nam a2200241Ia 4500
008 - ELEMENTOS DE DATOS DE LONGITUD FIJA - INFORMACIÓN GENERAL
campo de control de longitud fija 0000002007 sp aD 0000000000mul00
020 ## - INTERNATIONAL STANDARD BOOK NUMBER
International Standard Book Number 9788448245504
090 ## - NÚMERO DE LLAMADA DE TIPO LC LOCALMENTE ASIGNADO (OCLC)
Número de clasificación (OCLC) (R) PSP00 D24w
100 1# - ENTRADA PRINCIPAL - NOMBRE PERSONAL
Nombre de la persona De la Calle, Román
245 10 - TÍTULO DECLARACIÓN
Título Wences Rambla
Resto del título : un itinerari plástic per la senda de l ́abstracció = un itinerario plástico por la senda de la abstracción
Declaración de responsabilidad / textos Román de la Calle, Pascual Patuel ; fotografías Mateo Gamón, Wences Rambla
260 ## - PUBLICACIÓN, DISTRIBUCIÓN
Lugar de publicación Valencia : Generalitat Valenciana
Fecha de publicación 2007
300 ## - DESCRIPCIÓN FÍSICA
Alcance 219 p.
Dimensiones / 26 cm.
500 ## - NOTA GENERAL
Nota general Exposición realizada en el Museo de Bellas Artes de Castellón, España entre febrero y abril de 2007 \ Incluye datos biográficos y cronología artística \ Incluye un CDROM, consultarlo en: FAL11 E76p \ Texto en español, catalán, valenciano e inglés \ Donación Carlos Jiménez, 2011
600 00 - ENTRADA DE SUJETO AÑADIDO - NOMBRE PERSONAL
Nombre de la persona RAMBLA ZARAGOZA, WENCES, 1948/
Subdivisión general TRABAJOS PICTORICOS
650 14 - ENTRADA DE SUJETO AÑADIDO - TÉRMINO TÓPICO
Término tópico o elemento de entrada del nombre geográfico PINTURA ESPAÑOLA
650 14 - ENTRADA DE SUJETO AÑADIDO - TÉRMINO TÓPICO
Término tópico o elemento de entrada del nombre geográfico ARTE ABSTRACTO ESPAÑOL
650 14 - ENTRADA DE SUJETO AÑADIDO - TÉRMINO TÓPICO
Subdivisión general CATALOGOS
650 14 - ENTRADA DE SUJETO AÑADIDO - TÉRMINO TÓPICO
Subdivisión general EXPOSICIONES
650 14 - ENTRADA DE SUJETO AÑADIDO - TÉRMINO TÓPICO
Término tópico o elemento de entrada del nombre geográfico PINTURA ABSTRACTA ESPAÑOLA
650 14 - ENTRADA DE SUJETO AÑADIDO - TÉRMINO TÓPICO
Término tópico o elemento de entrada del nombre geográfico PINTURA ESPAÑOLA
650 14 - ENTRADA DE SUJETO AÑADIDO - TÉRMINO TÓPICO
Término tópico o elemento de entrada del nombre geográfico SIGLO XX
700 1# - ENTRADA AGREGADA - NOMBRE PERSONAL
Nombre de la persona Patuel, Pascual
Holdings
Estado de retirada Pérdida de estatus Estado dañado No para préstamo Código de recogida Ubicación permanente Ubicación actual Ubicación de las estanterías Fecha de adquisición Número de llamada completo Código de barras Fecha de la última vez que se vio Número de copia Precio efectivo desde Tipo de artículo Koha
        General ArtNexus ArtNexus General 06/09/2022 P-SP-00 D24W 13824 06/09/2022 Ej.1 06/09/2022 Libro

Powered by Koha